Responses for Show #2459 - Thursday, April 20, 1995

Contestants

[<< previous game]

Bob Bostock, a speechwriter originally from Fair Lawn, New Jersey

Rich Folk, a repair shop manager from Oldsmar, Florida

Steve Irish, an amateur athlete from Washington, D.C. (whose 1-day cash winnings total $13,600)

[next game >>]

Jeopardy! Round responses

BRITISH HISTORY
CELEBRITIES
FACTS & FIGURES
MYTHOLOGY
PROVERBS
NICKNAMES
    $100 1
the Spanish Armada

Bob
    $100 16
Regis Philbin

Bob
    $100 11
Olympic medals

Steve
    $100 6
the Minotaur

Rich
    $100 21
beat 'em

Bob
    $100 27
Alexander Graham Bell

Bob
    $200 2
The Canterbury Tales

Steve
    $200 17
David Brinkley

Bob
    $200 12
compact discs

Steve
    $200 7
a spider

Rich
    $200 22
dice

Steve
    $200 28
Mathew Brady

Steve
    $300 3
Henry VIII

Rich
    $300 18
(Rich: Who is Harrison Ford?)

Tommy Lee Jones

SteveRich
    $300 13
on the Moon

Rich
    $300 8
Narcissus

Steve
    $300 23
friends

Bob
    $300 29
Buchanan

Bob
    $400 4
Thomas à Becket

Rich
    $400 19
Sean Connery

Bob
    $400 14
Superfund program

Bob
    $500 9
the Titans

Steve
    $400 24
the seller

Rich
    $400 30
John Knox

Rich
    $500 5
John

Steve
    $500 20
Kathy Bates

Steve
    $500 15
Cal Ripken (Jr.)

Bob
    $500 10
Aphrodite

Rich
    $500 25
war

Steve
    $500 26
Rosa Parks

Bob

Scores at the first commercial break (after clue 15):

Steve Rich Bob
$1,800 $1,800 $1,000

Scores at the end of the Jeopardy! Round:

Steve Rich Bob
$3,500 $2,300 $3,000

Double Jeopardy! Round responses

THE CIVIL WAR
NOTABLE WOMEN
SAINTS
20th CENTURY OPERAS
LAKES & RIVERS
POTPOURRI
    $200 1
Gettysburg

Rich
    $200 7
Amelia Earhart

Bob
    $200 16
the pope

Bob
    $200 26
Carry Nation

Bob
    $200 6
the Amazon

Bob
    $200 21
Vaseline

Bob
    $400 2
Atlanta

Bob
    $400 8
Anna Freud

Steve
    $400 17
loaves

Rich
    $400 27
(Bob: What is the Firebird?)

the Nightingale

Bob
Triple Stumper
    $400 12
(Bob: What is the Mississippi?)

the Pecos

SteveBob
    $400 22
Michigan

Steve
    $600 3
David Farragut

Rich
    $600 9
Sally Ride

Bob
    $600 18
St. James

Rich
    $600 28
the Arabian Nights

Rich
    $600 13
Lake Champlain

Rich
    $600 23
The Journal of the American Medical Association

Bob
    $800 4
Garfield

Steve
    $1,400 10
(Maria) Montessori

Bob
    $800 19
Mother Cabrini

Triple Stumper
    $800 29
Madame Butterfly

Steve
    $800 14
(Rich: What is British Columbia?)

Alberta

SteveRich
    $800 24
(Alfred) Nobel

Bob
    $1000 5
(the Battle of) Shiloh

Steve
    $1000 11
(Rich: Who is, uh, Riefenstaffel?)

Leni Riefenstahl

SteveRich
    $1000 20
St. Jerome

Rich
    $1000 30
The Tempest

Triple Stumper
    $2,000 15
the Indus

Steve
    $1000 25
Nelson Rockefeller

Bob

Scores at the end of the Double Jeopardy! Round:

Steve Rich Bob
$11,100 $4,500 $8,000

[wagering suggestions for these scores]

Final Jeopardy! Round responses

MODERN AUTHORS
RichWho is James Clavell
$4,499
BobWho is Clavell
$8,000
SteveWho is Clavell
$5,000
James Clavell

Final scores:

Steve Rich Bob
$16,100 $8,999 $16,000
2-day champion: $29,700 3rd place: Samsung fax machine-telephone + Jeopardy! home game 2nd place: trip on TWA to Washington, D.C. & stay at Loews l'Enfant Plaza + Jeopardy! home game

Game dynamics:

Coryat scores:

Steve Rich Bob
$10,000 $4,500 $7,400
20 R
(including 2 DDs),
0 W
15 R,
3 W
22 R
(including 1 DD),
2 W

Combined Coryat: $21,900

[game clues] [game scores] [suggest correction]

Game tape date: 1995-01-10
The J! Archive is created by fans, for fans. Scraping, republication, monetization, and malicious use prohibited; this site may use cookies and collect identifying information. See terms. The Jeopardy! game show and all elements thereof, including but not limited to copyright and trademark thereto, are the property of Jeopardy Productions, Inc. and are protected under law. This website is not affiliated with, sponsored by, or operated by Jeopardy Productions, Inc. Join the discussion at JBoard.tv.